LDR 01152naa#a2200205#i#450# 001 RU\\bibl\126628 005 20260703174613.5 011 ## _a2587-6740 100 ## _a20260615b2026####ek#y0rusy0150####ca 102 ## _aRU 200 1# _aСравнительная оценка успехов растениеводства в аграрно развитых регионах Центрального и Приволжского федеральных округов _eЖурнальная статья 210 1# _aМосква _cЭлектронная наука _d2026 215 ## _a4 с. 608 ## _aЖурнальная статья _2local 675 ## _aРегиональная экономика. Территориальная экономика. 332.1 _aЭкономика сельского хозяйства. Продовольственный комплекс. 338.43 _z 700 #1 _aЛатышева _gЗоя Ивановна 700 #1 _aАлександрова _gЕкатерина Георгиевна 700 #1 _aСкрипкина _gЕлена Викторовна 700 #1 _aЯковлев _gНиколай Александрович 856 4# _aqje.su _u